000 00940cam a2200277 a 4500
005 20191224041509.0
008 940630s1988 us a r 00110 eng d
020 _a0070573573
040 _ala
_cla
_dCO-BoIAVH
041 0 _aeng
044 _axxu
082 0 4 _a519.5
_bS57n
100 1 _aSiegel, Sidney,
_d1916-1961
245 1 0 _aNonparametric statistics for the behavioral sciences /
_cSidney Siegel, N. John Castellan.
250 _aSeginda edición.
260 _aNew York :
_bMcGraw Hill,
_c1988.
300 _axxiii, 399 p. :
_bil., ;
_c25 cm.
504 _aIncluye referencias bibliográficas e índice.
650 1 4 _aConducta (Psicología)
_v Estadística.
650 2 4 _aPsicometría
650 2 4 _aCiencias sociales
_xModelos matemáticos
650 2 4 _aEstadística no paramétrica
700 1 _aCastellan, N. John,
_d1939-,
_eautor.
942 _2ddc
_cLIBRO
949 _an
_bn
999 _c57
_d57